000
00330 a2200157 4500
001
45746
020
_a
9788508117215
040
_c
Anchieta - Aquarius
240
1
0
_a
Mag, the owl
_l
por
245
1
0
_a
Mag, the owl
300
_a
362
0
_a
2009
440
1
_a
Ática
650
4
_a
Literatura infantil em inglês
942
_c
BK
999
_c
45746
_d
45746